[Event "18th American Continental"]
[Site "Foz do Iguacu BRA"]
[Date "2025.05.24"]
[Round "3.88"]
[White "Nunes Jr, Sidney"]
[Black "Vaz, Osvaldo Jose"]
[Result "1-0"]
[WhiteElo "2034"]
[BlackElo "1749"]
[WhiteFideId "2128853"]
[BlackFideId "2165023"]
[EventDate "2025.05.23"]

1. e4 e6 2. d4 d5 3. e5 c5 4. c3 Nc6 5. Nf3 Bd7 6. a3 cxd4 7. cxd4 Nge7 8. b4
Nf5 9. Be2 Be7 10. Bb2 O-O 11. Nbd2 f6 12. exf6 Bxf6 13. Nb3 b6 14. O-O Nce7 15.
Ne5 Nd6 16. a4 Be8 17. Bd3 Rc8 18. Qe2 Bd7 19. Nd2 g6 20. Rfe1 Bxe5 21. Qxe5 Nf7
22. Qe2 Nd6 23. b5 Ndf5 24. Nf3 h6 25. Ne5 Rf6 26. Ng4 Rf8 27. Qd2 Kg7 28. Ba3
g5 29. Bxf5 Rxf5 30. Bxe7 Qxe7 31. Ne3 Rf7 32. Nxd5 Qd6 33. Ne3 Rcf8 34. Re2 Bc8
35. d5 Bb7 36. dxe6 Qxe6 37. Qd4+ Kg8 38. Qc4 Qf6 39. Rae1 Kg7 40. Ng4 Qf4 41.
Qe6 Bc8 42. Qxh6+ Kg8 43. Re5 Bf5 44. Rxf5 Qxf5 45. h3 Rg7 46. Qd6 Rg6 47. Qd4
Qf4 48. Re4 Qc1+ 49. Kh2 Qc7+ 50. g3 Qc5 51. Qb2 Qd6 52. Qe2 Qd7 53. Re7 Qd6 54.
Qe4 Rg7 55. Re6 Qc5 56. Kg2 Qc1 57. Rc6 Qb2 58. Rc2 Qa3 59. Qe6+ Kh8 60. Qh6+
Rh7 61. Qxg5 Qf3+ 62. Kh2 Qf5 63. Qxf5 Rxf5 64. Rc8+ Kg7 65. f4 Rf7 66. Ne5 Re7
67. g4 Kf6 68. Rc6+ Re6 69. g5+ Kf5 70. Rxe6 Kxe6 71. g6 Rc7 72. h4 Kf5 73. h5
Rc2+ 74. Kg3 Rc3+ 75. Kf2 Rc2+ 76. Ke3 Rc3+ 77. Kd4 Rc8 1-0

[Event "18th American Continental"]
[Site "Foz do Iguacu BRA"]
[Date "2025.05.24"]
[Round "3.89"]
[White "Vieira, Luana Saddi"]
[Black "Montiel Caceres, Helen"]
[Result "0-1"]
[BlackTitle "WFM"]
[WhiteElo "1716"]
[BlackElo "1980"]
[WhiteFideId "22738762"]
[BlackFideId "3707121"]
[EventDate "2025.05.23"]

1. e4 c5 2. c3 d5 3. exd5 Qxd5 4. d4 Nf6 5. Nf3 e6 6. Be2 Nc6 7. O-O Be7 8. Be3
Ng4 9. c4 Qd8 10. d5 exd5 11. cxd5 Nb4 12. Nc3 Nf6 13. Bc4 O-O 14. a3 Na6 15.
Qb3 Nc7 16. h3 Rb8 17. Ne5 Bd6 18. Nd3 b5 19. Nxc5 Qe7 20. Nd3 Ba6 21. Nxb5 Bxb5
22. Bxa7 Bxc4 23. Qxc4 Rbc8 24. Rfe1 Qd8 25. Bb6 Nfxd5 26. Qxd5 Bh2+ 0-1

[Event "18th American Continental"]
[Site "Foz do Iguacu BRA"]
[Date "2025.05.24"]
[Round "3.90"]
[White "Bail, Ellen Larissa"]
[Black "Lugo Martinez, Jimena Sofia"]
[Result "1-0"]
[WhiteElo "1964"]
[BlackElo "1734"]
[WhiteFideId "2142171"]
[BlackFideId "3710793"]
[EventDate "2025.05.23"]

1. d4 d5 2. Nf3 c6 3. g3 Nf6 4. Bg2 e6 5. O-O Bd6 6. c4 Nbd7 7. Nc3 O-O 8. Nd2
Bb4 9. Qc2 e5 10. dxe5 Nxe5 11. cxd5 Nxd5 12. Nxd5 cxd5 13. Qb3 Bxd2 14. Bxd2
Nc4 15. Bc3 Be6 16. Rad1 Qg5 17. Rd4 b5 18. h4 Qh6 19. Rfd1 a5 20. Bxd5 Rab8 21.
Bd2 Qh5 22. Bf4 a4 23. Qb4 Rbd8 24. Bxe6 Rxd4 25. Bxf7+ Rxf7 26. Rxd4 h6 27. b3
axb3 28. axb3 Ne5 29. Rd8+ Kh7 30. Qe4+ Qf5 31. Qxe5 Qb1+ 32. Kg2 Ra7 33. Qd5 1-0

[Event "18th American Continental"]
[Site "Foz do Iguacu BRA"]
[Date "2025.05.24"]
[Round "3.91"]
[White "Spieker, Otavio Schmidt"]
[Black "Souza Neto, Hilton Vilarim De"]
[Result "0-1"]
[WhiteElo "1678"]
[BlackElo "1881"]
[WhiteFideId "22733833"]
[BlackFideId "2124033"]
[EventDate "2025.05.23"]

1. e4 d6 2. d4 Nf6 3. Nc3 Nbd7 4. Nf3 e5 5. dxe5 dxe5 6. Bc4 h6 7. O-O c6 8. a4
a5 9. b3 Be7 10. Bb2 O-O 11. Bd3 Qc7 12. Ne2 Re8 13. Ng3 Bf8 14. Re1 g6 15. Bc4
Nb6 16. Bd3 Bc5 17. h3 Nbd7 18. Qc1 Kh7 19. Bc4 Kg7 20. Rf1 Nb6 21. Bd3 Bd7 22.
Bc3 Nh7 23. Nh4 Qd8 24. Nf3 f6 25. Bd2 g5 26. h4 Bg4 27. hxg5 hxg5 28. Nh2 Be6
29. Qd1 Qd7 30. Re1 Red8 31. Qc1 Qf7 32. Nhf1 Rh8 33. Be3 Nd7 34. Bxc5 Nxc5 35.
Be2 Nf8 36. Ne3 Kg8 37. Qd1 Qc7 38. Ng4 Kg7 39. Ne3 Rd8 40. Nef5+ Kg8 41. Qc1
Ng6 42. Nh5 Kf7 43. Qe3 b6 44. Red1 Nf4 45. Rxd8 Qxd8 46. Nfg7 Kg6 47. Nxe6
Ncxe6 48. Nxf4+ gxf4 49. Qf3 Rh4 50. g3 Ng5 51. Qg2 fxg3 52. Qxg3 Qh8 53. Bf3
Rh3 54. Qg4 Rxf3 55. Rd1 Rf4 56. Qd7 Nf3+ 57. Kf1 Qh1+ 58. Ke2 Rxe4+ 59. Kd3
Qxd1+ 60. Kxe4 Ng5+ 61. Ke3 Qxd7 62. f4 Qd4+ 63. Ke2 exf4 64. c4 f3+ 65. Kf1 Qd2
66. c5 Qe2+ 67. Kg1 Qg2# 0-1

[Event "18th American Continental"]
[Site "Foz do Iguacu BRA"]
[Date "2025.05.24"]
[Round "3.92"]
[White "Pavoni, Felipe Stevanin"]
[Black "Orlandi Neto, Aristides"]
[Result "1-0"]
[WhiteElo "1868"]
[BlackElo "1704"]
[WhiteFideId "2189097"]
[BlackFideId "2133970"]
[EventDate "2025.05.23"]

1. e4 e6 2. d4 d5 3. Nd2 Nc6 4. c3 e5 5. exd5 Qxd5 6. Qf3 Nf6 7. Qxd5 Nxd5 8.
dxe5 Nxe5 9. Ngf3 Bd6 10. Nxe5 Bxe5 11. Nf3 Bd6 12. Bc4 Nb6 13. Bb3 O-O 14. O-O
Bg4 15. Nd4 a6 16. f3 Bh5 17. Nf5 Bc5+ 18. Be3 Nd7 19. g4 Bg6 20. Bxc5 Nxc5 21.
Ne7+ Kh8 22. Nxg6+ fxg6 23. Bc2 Rad8 24. Rad1 a5 25. Rfe1 Rde8 26. Kf1 b6 27. b4
axb4 28. cxb4 Ne6 29. Ba4 Re7 30. Bd7 Rxd7 31. Rxd7 Nf4 32. Rf7 Kg8 33. Rxf8+
Kxf8 34. Re3 g5 35. a4 Nd5 36. Re4 Nc3 37. Rc4 Nxa4 38. Rxc7 h6 39. Ke2 g6 40.
Kd3 h5 41. h3 b5 42. Rb7 hxg4 43. hxg4 Ke8 44. Kc2 1-0

[Event "18th American Continental"]
[Site "Foz do Iguacu BRA"]
[Date "2025.05.24"]
[Round "3.93"]
[White "Paredes Almada, Andres Joaquin"]
[Black "Mayeregger Gonzalez, Fiorella Allegra"]
[Result "0-1"]
[BlackTitle "WCM"]
[WhiteElo "1670"]
[BlackElo "1867"]
[WhiteFideId "3713733"]
[BlackFideId "3708845"]
[EventDate "2025.05.23"]

1. b3 d5 2. e3 e6 3. Bb2 Nf6 4. Nf3 c5 5. c4 Nc6 6. d4 cxd4 7. Nxd4 Bb4+ 8. Nd2
Nxd4 9. exd4 Ne4 10. Bc1 dxc4 11. bxc4 Qxd4 12. Qa4+ Bd7 13. Qxb4 Qxa1 14. Nxe4
Qxc1+ 15. Ke2 Qc2+ 16. Ke3 Qc1+ 17. Kd4 Qf4 18. g3 e5+ 19. Kd3 Qf3+ 20. Kd2 Qxe4 0-1

[Event "18th American Continental"]
[Site "Foz do Iguacu BRA"]
[Date "2025.05.24"]
[Round "3.94"]
[White "Gomes, Maria Eduarda Papini"]
[Black "Salomon Casali, Oliver"]
[Result "1-0"]
[WhiteElo "1858"]
[BlackElo "1677"]
[WhiteFideId "2158957"]
[BlackFideId "3713709"]
[EventDate "2025.05.23"]

1. d4 Nf6 2. c4 e6 3. Nc3 Bb4 4. e3 d5 5. Bd3 O-O 6. Ne2 b6 7. O-O Bb7 8. Qc2
Nbd7 9. f3 dxc4 10. Bxc4 e5 11. d5 a6 12. a3 Bd6 13. e4 Qe7 14. Bg5 h6 15. Bh4
Rfe8 16. Rae1 Nf8 17. Ng3 Ng6 18. Nf5 Qd8 19. Bg3 Bc8 20. Nxd6 Qxd6 21. Ne2 Nh5
22. Bf2 Ngf4 23. Nxf4 Nxf4 24. Be3 Bd7 25. Kh1 Ng6 26. g3 Bh3 27. Rf2 h5 28. f4
b5 29. Ba2 exf4 30. gxf4 Qd7 31. Rg1 Qe7 32. Bb1 Nh4 33. Bd4 f6 34. Qc3 Bf5 35.
exf5 Qd7 36. Qc6 Qxc6 37. dxc6 Rf8 38. h3 Rad8 39. Bc3 Rd5 40. Ba2 1-0

[Event "18th American Continental"]
[Site "Foz do Iguacu BRA"]
[Date "2025.05.24"]
[Round "3.95"]
[White "Janke, Ligia"]
[Black "Luz, Jhonatan Rodrigues Da"]
[Result "0-1"]
[WhiteElo "1649"]
[BlackElo "1858"]
[WhiteFideId "538021609"]
[BlackFideId "2119501"]
[EventDate "2025.05.23"]

1. e4 c5 2. Nf3 d6 3. d4 cxd4 4. Nxd4 Nf6 5. Bd3 a6 6. O-O e5 7. Ne2 Be7 8. h3
Nc6 9. Bd2 Be6 10. Ng3 Qb6 11. Qc1 Rc8 12. Be3 Qc7 13. c3 O-O 14. Nd2 d5 15.
exd5 Nxd5 16. Qc2 g6 17. Bh6 Rfd8 18. Ne2 Ncb4 19. Qb1 Nxd3 20. Qxd3 Nf4 21. Qe3
Rd3 0-1

[Event "18th American Continental"]
[Site "Foz do Iguacu BRA"]
[Date "2025.05.25"]
[Round "4.1"]
[White "Shankland, Sam"]
[Black "Hungaski, Robert"]
[Result "1-0"]
[WhiteTitle "GM"]
[BlackTitle "GM"]
[WhiteElo "2666"]
[BlackElo "2477"]
[WhiteFideId "2004887"]
[BlackFideId "2021030"]
[EventDate "2025.05.23"]

1. e4 c6 2. d4 d5 3. Nc3 g6 4. e5 Bg7 5. h3 f6 6. f4 Nh6 7. Bd3 O-O 8. Nf3 fxe5
9. dxe5 c5 10. h4 Qa5 11. h5 d4 12. hxg6 dxc3 13. gxh7+ Kh8 14. Nh4 cxb2+ 15.
Bd2 bxa1=Q 16. Ng6+ Kxh7 17. Qxa1 Qa4 18. Nxe7+ Kh8 19. f5 Bxf5 20. Nxf5 Rxf5
21. Bxf5 Kg8 22. Bxh6 Bxh6 23. Rxh6 Qb4+ 24. Ke2 Nc6 25. Rg6+ Kf8 26. Qf1 Ke7
27. Rg7+ Kd8 28. Bd3 Nd4+ 29. Ke3 Nxc2+ 30. Bxc2 Qd4+ 31. Kf3 Qd5+ 32. Be4 1-0

[Event "18th American Continental"]
[Site "Foz do Iguacu BRA"]
[Date "2025.05.25"]
[Round "4.2"]
[White "Salinas Herrera, Pablo"]
[Black "Oparin, Grigoriy"]
[Result "0-1"]
[WhiteTitle "GM"]
[BlackTitle "GM"]
[WhiteElo "2447"]
[BlackElo "2660"]
[WhiteFideId "3407128"]
[BlackFideId "24125890"]
[EventDate "2025.05.23"]

1. d4 Nf6 2. c4 e6 3. Nc3 Bb4 4. e3 b6 5. Ne2 Ne4 6. Qc2 Bb7 7. a3 Bxc3+ 8. Nxc3
Nxc3 9. Qxc3 d6 10. b3 Nd7 11. Bb2 Qh4 12. Qc2 Be4 13. Qe2 O-O 14. O-O-O d5 15.
f3 Bg6 16. Qe1 Qe7 17. Qc3 a5 18. h4 h6 19. g4 c6 20. Be2 b5 21. c5 Rfb8 22. e4
b4 23. axb4 Rxb4 24. Ba3 dxe4 25. Bxb4 axb4 26. Qxb4 Ra2 27. Rde1 Qf6 28. f4
Qxf4+ 29. Kb1 Rd2 30. h5 Bh7 31. Rhf1 e3+ 32. Ka1 Qh2 33. Rh1 Qg2 34. Rhg1 Qe4
35. Qc3 Rc2 36. Qb4 g5 37. Rgf1 Nxc5 38. Qb8+ Kg7 39. Rxf7+ Kxf7 40. Rf1+ Bf5
41. Qc7+ Ke8 42. Qb8+ Ke7 43. Qa7+ Kf6 0-1

[Event "18th American Continental"]
[Site "Foz do Iguacu BRA"]
[Date "2025.05.25"]
[Round "4.3"]
[White "Coro, Lucas"]
[Black "Jacobson, Brandon"]
[Result "1/2-1/2"]
[WhiteTitle "IM"]
[BlackTitle "GM"]
[WhiteElo "2434"]
[BlackElo "2582"]
[WhiteFideId "147222"]
[BlackFideId "30901561"]
[EventDate "2025.05.23"]

1. Nf3 Nf6 2. g3 g6 3. Bg2 Bg7 4. O-O O-O 5. d3 d5 6. Nc3 d4 7. Na4 e5 8. c3 Re8
9. a3 a5 10. Bd2 Nc6 11. Rc1 dxc3 12. Nxc3 Nd4 13. Bg5 h6 14. Bxf6 Bxf6 15. Nd2
Bg7 16. e3 Ne6 17. Qc2 h5 18. h4 g5 19. hxg5 Nxg5 20. Nce4 Nxe4 21. Nxe4 c6 22.
Kh2 h4 23. Rh1 hxg3+ 24. Nxg3 Re6 25. Be4 Qg5 26. Kg2 Rh6 27. Rxh6 Bxh6 28. Rh1
Be6 29. Rh5 Qg7 30. Qc3 Re8 31. Bf5 Bd5+ 32. Kh2 Bf3 33. Rh3 Qf6 34. Qc4 e4 35.
d4 Kg7 36. Qc2 Rh8 37. Bxe4 Bg4 38. Nf5+ Kf8 39. Qc5+ Ke8 40. Nd6+ Kd8 41. Nxf7+
Qxf7 42. Qd6+ Kc8 43. Rxh6 Qxf2+ 44. Bg2 Rxh6+ 45. Qxh6 Bd7 46. b4 a4 47. Qh8+
Kc7 48. Qe5+ Kc8 49. Qh8+ Kc7 50. Qe5+ Kc8 51. Qh8+ Kc7 52. Qe5+ Kc8 53. Qf4 Qb2 1/2-1/2

[Event "18th American Continental"]
[Site "Foz do Iguacu BRA"]
[Date "2025.05.25"]
[Round "4.4"]
[White "Hong, Andrew"]
[Black "Di Berardino, Diego Rafael"]
[Result "1-0"]
[WhiteTitle "GM"]
[BlackTitle "IM"]
[WhiteElo "2579"]
[BlackElo "2448"]
[WhiteFideId "2099438"]
[BlackFideId "2105446"]
[EventDate "2025.05.23"]

1. e4 e6 2. d4 d5 3. Nc3 Nf6 4. e5 Nfd7 5. f4 c5 6. Nf3 Nc6 7. Be3 a6 8. Ne2 b5
9. h4 Be7 10. h5 h6 11. c3 O-O 12. g3 f6 13. Bh3 Nb6 14. b3 fxe5 15. Nxe5 Nxe5
16. fxe5 Rf3 17. Qd2 cxd4 18. Qxd4 Nd7 19. Bxe6+ Kh8 20. Bxd5 Bc5 21. Qh4 Qxh4
22. Rxh4 Rxe3 23. Bxa8 Nxe5 24. b4 Bb6 25. Re4 Nf3+ 26. Kd1 Rd3+ 27. Kc2 Rd2+
28. Kb3 Rd8 29. Rd1 Rxd1 30. Re8+ Kh7 31. Be4+ g6 32. hxg6+ Kg7 33. Rxc8 Ne5 34.
Nf4 1-0

[Event "18th American Continental"]
[Site "Foz do Iguacu BRA"]
[Date "2025.05.25"]
[Round "4.5"]
[White "Lima, Darcy"]
[Black "Fier, Alexandr"]
[Result "0-1"]
[WhiteTitle "GM"]
[BlackTitle "GM"]
[WhiteElo "2380"]
[BlackElo "2556"]
[WhiteFideId "2100045"]
[BlackFideId "2107139"]
[EventDate "2025.05.23"]

1. e4 c5 2. Nf3 Nc6 3. Bb5 g6 4. O-O Bg7 5. Re1 e5 6. b4 Nxb4 7. Bb2 Qc7 8. Nc3
Ne7 9. a3 Nbc6 10. Nd5 Qd8 11. h4 O-O 12. h5 d6 13. Bc4 Nxd5 14. Bxd5 Ne7 15.
hxg6 Nxg6 16. g3 Bg4 17. Kg2 Qf6 18. Re3 Ne7 19. Bc4 Rab8 20. a4 Bh6 21. Rb3 Nc6
22. Be2 Be6 23. c4 Kh8 24. Qc2 Nb4 25. Qb1 a5 26. Bc3 Bd7 27. Nh4 Rg8 28. Nf5
Bxf5 29. exf5 Rg5 30. g4 Rbg8 31. Kf1 Rxg4 32. Bxg4 Rxg4 33. Bxb4 axb4 34. Qc2
Qh4 0-1

[Event "18th American Continental"]
[Site "Foz do Iguacu BRA"]
[Date "2025.05.25"]
[Round "4.6"]
[White "Garcia Pantoja, Roberto"]
[Black "Filgueiras, Nathan Felipe"]
[Result "0-1"]
[WhiteTitle "GM"]
[BlackTitle "IM"]
[WhiteElo "2531"]
[BlackElo "2370"]
[WhiteFideId "3509265"]
[BlackFideId "2188562"]
[EventDate "2025.05.23"]

1. e4 e5 2. Nf3 Nc6 3. Bb5 Nge7 4. Nc3 a6 5. Bc4 d6 6. a3 Ng6 7. Nd5 Be7 8. d3
O-O 9. Nxe7+ Ngxe7 10. O-O h6 11. c3 Be6 12. Bxe6 fxe6 13. b4 Ng6 14. g3 Qd7 15.
Ra2 Rf6 16. Kg2 Raf8 17. Ng1 Qf7 18. a4 Kh7 19. b5 Nb8 20. bxa6 Nxa6 21. a5 Qe8
22. Be3 Qb5 23. c4 Qd7 24. Rb2 c5 25. Qb1 R8f7 26. Rb6 Nb4 27. Bd2 Nc6 28. Qb5
Qc8 29. a6 Na7 30. Qa4 bxa6 31. Rxd6 Qf8 32. Rd7 Rxf2+ 33. Rxf2 Rxf2+ 34. Kh3
Rxd2 35. Rxa7 Qf1+ 36. Kg4 Qxg1 37. Rxg7+ Kxg7 38. Qd7+ Kf6 39. Qd8+ Kf7 40.
Qc7+ Ne7 41. Qxe5 Qd1+ 42. Kh3 Qf1+ 43. Kg4 Qe2+ 44. Kh4 Ng6+ 0-1

[Event "18th American Continental"]
[Site "Foz do Iguacu BRA"]
[Date "2025.05.25"]
[Round "4.8"]
[White "Martinez Alcantara, Jose Eduardo"]
[Black "Campos Gomez, Manuel"]
[Result "1-0"]
[WhiteTitle "GM"]
[BlackTitle "IM"]
[WhiteElo "2611"]
[BlackElo "2355"]
[WhiteFideId "3805662"]
[BlackFideId "4444710"]
[EventDate "2025.05.23"]

1. e4 e6 2. d4 d5 3. Nc3 Nf6 4. e5 Nfd7 5. f4 c5 6. Nf3 Nc6 7. Be3 a6 8. Qd2 b5
9. Bd3 Qb6 10. dxc5 Bxc5 11. Bf2 h6 12. O-O Bxf2+ 13. Qxf2 Qxf2+ 14. Kxf2 g5 15.
g3 Rg8 16. Ne2 f6 17. exf6 Nxf6 18. Kg1 Ke7 19. Ned4 Nxd4 20. Nxd4 gxf4 21. Rxf4
e5 22. Nc6+ Ke6 23. Nxe5 Kxe5 24. Re1+ Ne4 25. Rfxe4+ dxe4 26. Bxe4 Bf5 27.
Bxa8+ Kf6 28. Bb7 Bxc2 29. Rc1 Bf5 30. Rc6+ Kg5 31. Rxa6 h5 32. Rb6 Bd3 33. Rd6
Be2 34. Kf2 Bc4 35. b3 Rf8+ 36. Bf3 Bg8 37. h4+ Kf5 38. Rb6 1-0

[Event "18th American Continental"]
[Site "Foz do Iguacu BRA"]
[Date "2025.05.25"]
[Round "4.10"]
[White "Supi, Luis Paulo"]
[Black "Marrujo Pardo, Mauricio Emmanuel"]
[Result "1/2-1/2"]
[WhiteTitle "GM"]
[BlackTitle "FM"]
[WhiteElo "2566"]
[BlackElo "2349"]
[WhiteFideId "2106388"]
[BlackFideId "3943755"]
[EventDate "2025.05.23"]

1. c4 e6 2. Nf3 d5 3. g3 d4 4. Bg2 c5 5. O-O Ne7 6. e3 Nec6 7. exd4 cxd4 8. d3
Be7 9. Na3 O-O 10. Re1 f6 11. Nh4 e5 12. Be4 f5 13. Bd5+ Kh8 14. Nf3 Bf6 15. Bd2
a5 16. Rb1 Re8 17. h4 1/2-1/2

[Event "18th American Continental"]
[Site "Foz do Iguacu BRA"]
[Date "2025.05.25"]
[Round "4.11"]
[White "Quesada Perez, Luis Ernesto"]
[Black "Contreras Huaman, Fiorella"]
[Result "1-0"]
[WhiteTitle "GM"]
[BlackTitle "WIM"]
[WhiteElo "2546"]
[BlackElo "2341"]
[WhiteFideId "3520773"]
[BlackFideId "3824675"]
[EventDate "2025.05.23"]

1. d4 d5 2. c4 e6 3. Nf3 Nf6 4. Nc3 c6 5. e3 Nbd7 6. Qc2 dxc4 7. Bxc4 b5 8. Bd3
Be7 9. e4 b4 10. Na4 Bb7 11. O-O Rc8 12. Rd1 Qa5 13. a3 c5 14. axb4 cxb4 15. Qe2
Qh5 16. Bf4 O-O 17. Re1 Qg4 18. Bd2 Rfd8 19. b3 Nb8 20. h3 Qh5 21. Bc1 Nc6 22.
Bb2 Qh6 23. Ba6 Bxa6 24. Qxa6 Rc7 25. Bc1 Qh5 26. Bf4 Nb8 27. Qe2 Rb7 28. Rac1
Qa5 29. Rc4 Nbd7 30. Qc2 Qb5 31. Rc1 h6 32. Rc6 Nb6 33. Nxb6 axb6 34. Be3 Bc5
35. Ne5 Nd7 36. dxc5 Nxe5 37. Rxb6 Rxb6 38. cxb6 Rd7 39. Qc5 Qxc5 40. Rxc5 f6
41. Rc7 Rd8 42. b7 Nd7 1-0

[Event "18th American Continental"]
[Site "Foz do Iguacu BRA"]
[Date "2025.05.25"]
[Round "4.14"]
[White "Diamant, Andre"]
[Black "Ribeiro, Matheus Mendes Domingues"]
[Result "1-0"]
[WhiteTitle "GM"]
[BlackTitle "FM"]
[WhiteElo "2487"]
[BlackElo "2294"]
[WhiteFideId "2108356"]
[BlackFideId "324226923"]
[EventDate "2025.05.23"]

1. c4 e6 2. d4 d5 3. Nc3 c5 4. e3 Nf6 5. Nf3 a6 6. cxd5 exd5 7. g3 c4 8. Bg2 Nc6
9. Ne5 Bb4 10. O-O O-O 11. Bd2 Re8 12. Nxc6 bxc6 13. b3 Bxc3 14. Bxc3 Ne4 15.
Rc1 Nxc3 16. Rxc3 Qa5 17. Qc1 cxb3 18. Rxb3 Bd7 19. Qb2 Rac8 20. Ra3 Qb5 21. Qd2
c5 22. Ra5 Qb6 23. Rxc5 Rxc5 24. dxc5 Qxc5 25. Bxd5 Bc6 26. Rd1 g6 27. Qd4 Qc2
28. Bxc6 Qxc6 29. Qd7 Qe4 30. Rd4 Qb1+ 31. Kg2 Re6 32. Qc8+ Kg7 33. Qc3 Qb7+ 34.
Kg1 f6 35. Rb4 Rb6 36. Rxb6 Qxb6 37. Qd3 Qc6 38. Qd4 h5 39. a4 Kh7 40. e4 Qc1+
41. Kg2 Qc6 42. a5 Kg7 43. Kg1 Qc1+ 44. Kg2 Qc6 45. Kf3 Qb5 46. Qd5 Qf1 47. h4
Kh6 48. Qd4 Kg7 49. Qd7+ Kh6 50. Qe7 Qh1+ 51. Ke2 Qb1 52. Qf8+ Kh7 53. Qf7+ Kh6
54. Qd5 Kg7 55. Qd7+ Kh6 56. Qd3 Qb7 57. Ke3 Kg7 58. Qd6 Qb3+ 59. Kf4 Qb2 60.
Qc7+ Kh6 61. Qb6 Qe2 62. Qc5 Kh7 63. Qe7+ Kh6 64. Qf8+ Kh7 65. Qf7+ Kh6 66. Qxf6
Qxf2+ 67. Ke5 Qc5+ 68. Ke6 Qc4+ 69. Kd7 Kh7 70. Qe7+ Kh6 71. Qg5+ Kh7 72. Qd5
Qa4+ 73. Kc7 Qa3 74. Qe5 Qb4 75. Kc8 Qb3 76. Qe7+ Kh6 77. Qg5+ Kh7 78. Qe7+ Kh6
79. Qc7 Qe6+ 80. Kb8 Qb3+ 81. Ka7 Qd3 82. Qe5 Kh7 83. Qe7+ Kh6 84. e5 Qxg3 85.
e6 Qe3+ 86. Kxa6 Qd3+ 87. Kb6 Qe3+ 88. Kc6 Qe4+ 89. Kd7 Qd5+ 90. Ke8 Qc4 91. Kf7
Qf4+ 92. Kg8 1-0

[Event "18th American Continental"]
[Site "Foz do Iguacu BRA"]
[Date "2025.05.23"]
[Round "1.96"]
[White "Dauer, Andre Leonardo"]
[Black "Solaeche G., Axel Jose"]
[Result "1-0"]
[WhiteTitle "CM"]
[WhiteElo "2138"]
[BlackElo "1566"]
[WhiteFideId "2126915"]
[BlackFideId "3709426"]
[EventDate "2025.05.23"]

1. e4 c5 2. Nf3 Nc6 3. d3 e6 4. g3 Nf6 5. Bg2 Be7 6. O-O O-O 7. h4 d5 8. Nbd2 h6
9. c3 d4 10. Qe2 e5 11. Nh2 Be6 12. f4 Qc7 13. f5 Bd7 14. g4 Nh7 15. Ndf3 f6 16.
Kh1 Na5 17. cxd4 cxd4 18. Bd2 Nc6 19. Rac1 Qb6 20. g5 fxg5 21. hxg5 Nxg5 22.
Bxg5 hxg5 23. Ng4 Bf6 24. Qd2 Qb4 25. Qf2 Rae8 26. Rc4 Qa5 27. a3 Kf7 28. Rfc1
Qc7 29. b4 b5 30. Rc5 a6 31. Qa2+ Ke7 32. Rxc6 Bxc6 33. Qe6+ Kd8 34. Qxc6 Qxc6
35. Rxc6 Kd7 36. Rxa6 Kc7 37. a4 bxa4 38. Rxa4 Kb6 39. Ra5 Rc8 40. Ngxe5 Rc1+
41. Kh2 Rh8+ 42. Kg3 Bxe5+ 43. Nxe5 Re1 44. Nc4+ Kb7 45. e5+ 1-0

[Event "18th American Continental"]
[Site "Foz do Iguacu BRA"]
[Date "2025.05.23"]
[Round "1.97"]
[White "Medero, Hildo Rodrigo"]
[Black "Mayeregger, Arnold"]
[Result "0-1"]
[WhiteElo "1553"]
[BlackElo "2122"]
[WhiteFideId "20029098"]
[BlackFideId "3705226"]
[EventDate "2025.05.23"]

1. c4 b6 2. g3 Bb7 3. Nf3 Nf6 4. Bg2 g6 5. O-O Bg7 6. Nc3 O-O 7. d4 Ne4 8. Nxe4
Bxe4 9. Be3 d6 10. Qd2 c5 11. d5 Nd7 12. Bh6 Nf6 13. Bxg7 Kxg7 14. Qc3 b5 15. b3
bxc4 16. bxc4 Rb8 17. Ng5 Bxg2 18. Kxg2 Qb6 19. Rfb1 Qa6 20. Rxb8 Rxb8 21. Ne4
Rb4 22. Nd2 Kg8 23. a3 Rb6 24. f3 Nd7 25. Rb1 Rxb1 26. Nxb1 Qa4 27. Nd2 Qd1 28.
Qe3 Ne5 29. Kf2 h5 30. h3 Kf8 31. f4 Nd7 32. Nb3 Qh1 33. Na5 Nf6 34. Nc6 Ne4+ 0-1

[Event "18th American Continental"]
[Site "Foz do Iguacu BRA"]
[Date "2025.05.23"]
[Round "1.98"]
[White "Souza, Rafael Cabral De"]
[Black "Dos Santos, Gabriel Conte"]
[Result "1-0"]
[WhiteElo "2122"]
[BlackElo "1543"]
[WhiteFideId "2124068"]
[BlackFideId "22776389"]
[EventDate "2025.05.23"]

1. e4 e5 2. Nc3 Nc6 3. g3 d6 4. Bg2 Be6 5. Nge2 Qd7 6. h3 Be7 7. f4 g6 8. d4
exd4 9. Nxd4 Nxd4 10. Qxd4 Bf6 11. Qb4 c5 12. Qa3 Ne7 13. Be3 Rd8 14. Rd1 Qc7
15. O-O O-O 16. e5 dxe5 17. Ne4 Bg7 18. Bxc5 Rfe8 19. Nd6 exf4 20. Nxe8 Rxe8 21.
Bxe7 Rxe7 22. Rxf4 Be5 23. Rf3 Bf5 24. Rb3 Qxc2 25. Rd8+ Kg7 26. Qxe7 Qc1+ 27.
Kh2 Bc7 28. Qf8+ Kf6 29. Qh8+ Kg5 30. h4+ Kh6 31. Qf8+ Kh5 32. Bf3+ Bg4 33. Rd5+
f5 34. Rxf5+ gxf5 35. Qxf5+ Kh6 36. Qf6+ Kh5 37. Rb5+ 1-0

[Event "18th American Continental"]
[Site "Foz do Iguacu BRA"]
[Date "2025.05.23"]
[Round "1.99"]
[White "Guimaraes, Felipe Pavanato"]
[Black "Bauza, Alejandro"]
[Result "0-1"]
[BlackTitle "FM"]
[WhiteElo "1523"]
[BlackElo "2119"]
[WhiteFideId "538009064"]
[BlackFideId "3000060"]
[EventDate "2025.05.23"]

1. e4 c6 2. Nf3 d5 3. Nc3 Bg4 4. Be2 Nf6 5. d3 Nbd7 6. O-O dxe4 7. dxe4 e5 8.
Bc4 Bc5 9. Qd3 O-O 10. h3 Bh5 11. Bg5 b5 12. Bb3 Qc7 13. Rad1 Be7 14. Bxf6 Nxf6
15. g4 Bg6 16. Ne2 Bxe4 17. Qe3 Bc5 18. Qxc5 Bxf3 19. Qe3 Bd5 20. f4 Bxb3 21.
axb3 Nd5 22. Qxe5 Qxe5 23. fxe5 Ne3 24. Rd6 Nxf1 25. Kxf1 Rae8 26. Rxc6 Rxe5 27.
Nd4 h5 28. gxh5 Rxh5 29. Kg2 Rd8 30. Nf3 a5 31. Kg3 Rhd5 32. Kf4 g6 33. Rf6 Kg7
34. Ra6 Rf5+ 35. Kg4 Re8 36. Rxa5 Re4+ 37. Kg3 Re3 38. Kg2 Rexf3 39. h4 Rf2+ 40.
Kg1 Rxc2 41. Ra1 Rfc5 0-1